Country Name Etymologies Click Quiz: D & E - Statistics

General Stats
  • This quiz has been taken 89 times
  • The average score is 11 of 13
Answer Stats
Hint Extra Hint Answer % Correct
Eastern island Portuguese East Timor
97%
The Danish forest Old English Denmark
95%
The Savior Spanish El Salvador
95%
Equator Spanish Ecuador
93%
Land of the Swazi Swazi Eswatini
91%
Black land on the equator Djenné / Berber Equatorial Guinea
88%
Land of the Aesti Latin / German Estonia
88%
Republic of Saint Dominic Spanish Dominican Republic
86%
Sunday island Latin Dominica
76%
Home of the ka of Ptah Egyptian Egypt
74%
Land of the blacks Latin Ethiopia
71%
Land of the Red Sea Greek Eritrea
66%
Land of Tehuti Egyptian Djibouti
60%
No matching quizzes found
Score Distribution
Percent of People with Each Score
Percentile by Number Answered
Your Score History
You have not taken this quiz